[Event "Rottach Egern Seniors Cup 12th"]
[Site "Rottach Egern"]
[Date "2024.04.08"]
[Round "3"]
[White "Diotallevi, Maurizio"]
[Black "Kurpiela, Franz"]
[Result "1-0"]
[WhiteElo "1982"]
[BlackElo "1848"]
[PlyCount "110"]
[EventDate "2024.04.06"]
[EventType "swiss"]
[EventRounds "9"]
[EventCountry "GER"]
[SourceTitle "CB16_2024"]
[SourceDate "2024.04.17"]
[SourceVersion "1"]
[SourceVersionDate "2024.04.17"]
[SourceQuality "1"]

1. e4 e5 2. Bc4 Nf6 3. d3 Nc6 4. Nf3 d6 5. 0-0 Bg4 6. c3 Bxf3 7. Qxf3 h6 8. Be3 Na5 9. Bb5+ c6 10. Ba4 b5 11. Bc2 Be7 12. Nd2 Qd7 13. h3 0-0 14. Bd1 Nh7 15. Qg3 Bg5 16. Bg4 Qe7 17. f4 exf4 18. Bxf4 Rad8 19. Nf3 Bxf4 20. Qxf4 Qf6 21. Qe3 Qe7 22. b4 Nb7 23. Qxa7 Nf6 24. Qe3 Nxg4 25. hxg4 Qe6 26. Nd4 Qd7 27. Rf3 c5 28. Nf5 Qe6 29. Raf1 Rde8 30. Rh3 Kh7 31. g5 Rh8 32. gxh6 g6 33. Ng7 Qxa2 34. Nxe8 Rxe8 35. c4 Nd8 36. bxc5 bxc4 37. Qd4 Rg8 38. dxc4 Qa7 39. Qxd6 Ne6 40. Qb6 Qe7 41. c6 Ng5 42. Re3 Kxh6 43. Qd4 Rd8 44. Qf6 Qxf6 45. Rxf6 Kg7 46. c7 Rc8 47. Rc6 Ne6 48. Rd3 Kf8 49. Rxe6 Rxc7 50. Red6 Ke7 51. R3d4 Rxc4 52. Rxc4 Kxd6 53. Kf2 Ke5 54. Ke3 f5 55. exf5 gxf5 1-0

[Event "Arco op 45th"]
[Site "Arco"]
[Date "2023.10.14"]
[Round "8"]
[White "Huesmann, Thomas"]
[Black "Diotallevi, Maurizio"]
[Result "1/2-1/2"]
[WhiteElo "2155"]
[BlackElo "1923"]
[PlyCount "161"]
[EventDate "2023.10.07"]
[EventType "swiss"]
[EventRounds "9"]
[EventCountry "ITA"]
[SourceTitle "Mega2024 Update 01"]
[Source "Chessbase"]
[SourceDate "2023.11.12"]
[SourceVersion "1"]
[SourceVersionDate "2023.11.12"]
[SourceQuality "1"]

1. e4 e6 2. d4 d5 3. e5 c5 4. c3 Bd7 5. Nf3 a6 6. Bd3 Bb5 7. 0-0 Bxd3 8. Qxd3 Nc6 9. Nbd2 Qb6 10. dxc5 Bxc5 11. b4 Be7 12. Nb3 Qc7 13. Re1 Rc8 14. Bf4 Bd8 15. Rac1 Qb8 16. b5 axb5 17. Qxb5 Nge7 18. Nc5 b6 19. Nb3 0-0 20. Nbd4 Qa7 21. Qb1 Ng6 22. Bg3 Be7 23. h4 Ba3 24. Rcd1 Nxd4 25. cxd4 h6 26. Re3 Rfd8 27. h5 Nf8 28. Bh4 Rd7 29. Rb3 Rdc7 30. Qd3 Ra8 31. Rbb1 Nd7 32. Bg3 Qa6 33. Bf4 Qxd3 34. Rxd3 Be7 35. Rd2 Kf8 36. Kf1 Ke8 37. Ke2 Kd8 38. Ne1 Rca7 39. Rbb2 Ba3 40. Rb1 Be7 41. Ra1 Bb4 42. Rc2 Bxe1 43. Kxe1 Rc8 44. Rxc8+ Kxc8 45. Rc1+ Kd8 46. Rc2 Ra4 47. Be3 Nb8 48. Rb2 Kc7 49. Kd2 Nc6 50. Kc3 Rc4+ 51. Kd3 Ra4 52. g4 Ra3+ 53. Kc2 Na5 54. Kb1 Nc4 55. Re2 Kc6 56. Kc1 Kb5 57. Kd1 Rd3+ 58. Ke1 Rc3 59. Kf1 Ka4 60. Kg2 Ka3 61. g5 hxg5 62. Bxg5 Nb2 63. Be7+ Kxa2 64. Bf8 b5 65. Bxg7 b4 66. h6 b3 67. h7 Rc8 68. h8Q Rxh8 69. Bxh8 Ka1 70. Re3 Ka2 71. Kg3 Nc4 72. Re1 b2 73. Kg4 b1Q 74. Rxb1 Kxb1 75. Kg5 Kc2 76. Kf6 Kd3 77. Kxf7 Kxd4 78. Kxe6 Ke4 79. f3+ Kxf3 80. Kxd5 Nxe5 81. Bxe5 1/2-1/2

[Event "Arco op 45th"]
[Site "Arco"]
[Date "2023.10.13"]
[Round "7"]
[White "Diotallevi, Maurizio"]
[Black "Gheser, Amir"]
[Result "1-0"]
[WhiteElo "1923"]
[BlackElo "1702"]
[PlyCount "71"]
[EventDate "2023.10.07"]
[EventType "swiss"]
[EventRounds "9"]
[EventCountry "ITA"]
[SourceTitle "Mega2024 Update 01"]
[Source "Chessbase"]
[SourceDate "2023.11.12"]
[SourceVersion "1"]
[SourceVersionDate "2023.11.12"]
[SourceQuality "1"]

1. Nf3 c5 2. e4 Nc6 3. Bb5 e5 4. 0-0 Bd6 5. Re1 Nge7 6. c3 0-0 7. d3 a6 8. Ba4 b5 9. Bb3 h6 10. Nbd2 Ng6 11. Nf1 Bc7 12. Bd5 Qe8 13. Ng3 d6 14. Be3 Be6 15. d4 cxd4 16. cxd4 Bxd5 17. exd5 Ba5 18. dxc6 Bxe1 19. Qxe1 e4 20. Nd2 d5 21. Rc1 Rc8 22. f3 f5 23. f4 Rxc6 24. Nb3 Rff6 25. Nc5 Nf8 26. Ne2 Nd7 27. g3 Nxc5 28. dxc5 Qh5 29. Nd4 Rc7 30. Qa5 Qf7 31. a3 Rc8 32. c6 g5 33. Qxa6 Rc7 34. Qxb5 gxf4 35. Bxf4 Rc8 36. c7 1-0

[Event "Rottach Egern Seniors Cup 11th"]
[Site "Rottach Egern"]
[Date "2023.04.17"]
[Round "3"]
[White "Diotallevi, Maurizio"]
[Black "Zschorsch, Peter"]
[Result "1/2-1/2"]
[WhiteElo "1909"]
[BlackElo "1734"]
[PlyCount "47"]
[EventDate "2023.04.15"]
[EventType "swiss"]
[EventRounds "9"]
[EventCountry "GER"]
[SourceTitle "EXT 2024"]
[Source "ChessBase"]
[SourceDate "2023.10.10"]
[SourceVersion "1"]
[SourceVersionDate "2023.10.10"]
[SourceQuality "1"]

1. e4 c5 2. Nf3 d6 3. Bb5+ Bd7 4. Bxd7+ Nxd7 5. 0-0 Ngf6 6. Re1 g6 7. c3 Bg7 8. d4 e5 9. d5 0-0 10. c4 a6 11. Nc3 h6 12. h3 Ne8 13. g4 Nc7 14. Be3 b5 15. b3 b4 16. Na4 f5 17. gxf5 gxf5 18. Rb1 f4 19. Bd2 Bf6 20. Kh2 Kh8 21. Rg1 Rg8 22. Rxg8+ Qxg8 23. Qe2 Qf7 24. Rg1 1/2-1/2

[Event "Rottach Egern Seniors Cup 11th"]
[Site "Rottach Egern"]
[Date "2023.04.15"]
[Round "1"]
[White "Diotallevi, Maurizio"]
[Black "Baumann, Bettina"]
[Result "1-0"]
[WhiteElo "1909"]
[BlackElo "1539"]
[PlyCount "85"]
[EventDate "2023.04.15"]
[EventType "swiss"]
[EventRounds "9"]
[EventCountry "GER"]
[SourceTitle "EXT 2024"]
[Source "ChessBase"]
[SourceDate "2023.10.10"]
[SourceVersion "1"]
[SourceVersionDate "2023.10.10"]
[SourceQuality "1"]

1. e4 c5 2. Nf3 Nc6 3. Bb5 d6 4. 0-0 Nf6 5. Re1 e6 6. c3 Be7 7. d4 cxd4 8. cxd4 0-0 9. Nc3 a6 10. Bd3 b5 11. Bf4 Nh5 12. Bd2 g6 13. Rc1 Bd7 14. Bb1 Rc8 15. e5 d5 16. g4 Ng7 17. g5 Na5 18. b3 Ba3 19. Rc2 Nc6 20. Ne2 Bb4 21. Rxc6 Rxc6 22. Bxb4 Re8 23. Qd2 Nf5 24. Bxf5 exf5 25. Nf4 Be6 26. Rc1 Rxc1+ 27. Qxc1 Qc8 28. Qxc8 Rxc8 29. Bc5 Kg7 30. Kg2 Rc7 31. Kg3 Rc6 32. Nd2 Rc8 33. Nf1 Rc7 34. Ne3 Rd7 35. Bd6 Rd8 36. Nexd5 Bxd5 37. Nxd5 Rc8 38. Bc5 Rc6 39. Kf4 Rc8 40. Ke3 a5 41. a3 a4 42. b4 Rb8 43. Nc3 1-0

[Event "Bad Woerishofen Seniors op 35th"]
[Site "Bad Woerishofen"]
[Date "2019.03.23"]
[Round "9.12"]
[White "Diotallevi, Maurizio"]
[Black "Koenigl, Anton"]
[Result "1-0"]
[WhiteElo "2005"]
[BlackElo "1876"]
[PlyCount "89"]
[EventDate "2019.03.15"]
[EventType "swiss"]
[EventRounds "9"]
[EventCountry "GER"]
[SourceTitle "EXT 2020"]
[Source "ChessBase"]
[SourceDate "2019.10.17"]
[SourceVersion "1"]
[SourceVersionDate "2019.10.17"]
[SourceQuality "1"]

1. Nf3 d6 2. d4 Nf6 3. c4 c6 4. Nc3 g6 5. e4 Bg7 6. Be2 0-0 7. 0-0 Nbd7 8. Qc2 Qc7 9. Rd1 Re8 10. h3 e5 11. Be3 a6 12. Rac1 Nf8 13. b4 Qe7 14. d5 Bd7 15. Na4 cxd5 16. exd5 Bxa4 17. Qxa4 Qd7 18. Qb3 e4 19. Nd4 Rec8 20. a4 Qe7 21. c5 Ne8 22. c6 bxc6 23. Nxc6 Qb7 24. Na5 Qd7 25. Rxc8 Qxc8 26. Rc1 Qd7 27. Rc6 Be5 28. Rxa6 Rxa6 29. Bxa6 f5 30. Nc6 Bg7 31. Bc4 Qf7 32. g3 Nd7 33. b5 Ne5 34. Nxe5 Bxe5 35. b6 f4 36. gxf4 Bxf4 37. b7 Bxe3 38. fxe3 Qf3 39. b8Q Qg3+ 40. Kf1 Qxh3+ 41. Ke1 Qg3+ 42. Kd2 Qf2+ 43. Be2 Qf7 44. Q3b5 Kf8 45. a5 1-0

[Event "Bad Woerishofen op 34th"]
[Site "Bad Woerishofen"]
[Date "2018.03.02"]
[Round "8"]
[White "Baeuml, Ulrich"]
[Black "Diotallevi, Maurizio"]
[Result "1-0"]
[WhiteElo "2080"]
[BlackElo "2003"]
[PlyCount "67"]
[EventDate "2018.02.23"]
[EventType "swiss"]
[EventRounds "9"]
[EventCountry "GER"]
[SourceTitle "CBM 183 Extra"]
[Source "ChessBase"]
[SourceDate "2018.04.19"]
[SourceVersion "1"]
[SourceVersionDate "2018.04.19"]
[SourceQuality "1"]

1. Nf3 d5 2. c4 e6 3. Qc2 Nf6 4. d4 Be7 5. Nbd2 Nbd7 6. g3 0-0 7. Bg2 c6 8. 0-0 b6 9. Rd1 Bb7 10. e4 dxe4 11. Nxe4 h6 12. Bf4 Nxe4 13. Qxe4 Nf6 14. Qe2 Qc8 15. Rac1 Qe8 16. Ne5 Rc8 17. h4 Ba8 18. Bh3 Rd8 19. Bg2 Rc8 20. a3 Bd8 21. b4 Bc7 22. Rd2 Bxe5 23. dxe5 Nd7 24. Rcd1 Nb8 25. Rd6 Qe7 26. Be4 Rfd8 27. Bb1 Rxd6 28. exd6 Qd7 29. c5 Rd8 30. Qd3 f5 31. Ba2 g6 32. Bxh6 Kh7 33. Bg5 Re8 34. Be7 1-0

[Event "Bad Woerishofen op 34th"]
[Site "Bad Woerishofen"]
[Date "2018.02.28"]
[Round "6"]
[White "Diotallevi, Maurizio"]
[Black "Liebelt, Jannik"]
[Result "1/2-1/2"]
[WhiteElo "2003"]
[BlackElo "2049"]
[PlyCount "52"]
[EventDate "2018.02.23"]
[EventType "swiss"]
[EventRounds "9"]
[EventCountry "GER"]
[SourceTitle "CBM 183 Extra"]
[Source "ChessBase"]
[SourceDate "2018.04.19"]
[SourceVersion "1"]
[SourceVersionDate "2018.04.19"]
[SourceQuality "1"]

1. d4 d5 2. Nf3 Nf6 3. e3 c5 4. c3 e6 5. Nbd2 Nc6 6. Bd3 Qc7 7. 0-0 Bd6 8. dxc5 Bxc5 9. e4 Bd7 10. exd5 Nxd5 11. Ne4 Be7 12. Re1 h6 13. a3 Nf4 14. Bf1 f5 15. Ng3 0-0-0 16. Qc2 g5 17. Ne2 Nxe2+ 18. Qxe2 Bd6 19. g3 e5 20. Nd2 e4 21. Nc4 Ne5 22. Nxe5 Bxe5 23. Qc4 Bc6 24. Qe6+ Bd7 25. Qc4 Bc6 26. Qe6+ Bd7 1/2-1/2

[Event "Bad Woerishofen op 34th"]
[Site "Bad Woerishofen"]
[Date "2018.02.23"]
[Round "1"]
[White "Felgendreher, Heiko"]
[Black "Diotallevi, Maurizio"]
[Result "1-0"]
[WhiteElo "2215"]
[BlackElo "2003"]
[PlyCount "65"]
[EventDate "2018.02.23"]
[EventType "swiss"]
[EventRounds "9"]
[EventCountry "GER"]
[SourceTitle "CBM 183 Extra"]
[Source "ChessBase"]
[SourceDate "2018.04.19"]
[SourceVersion "1"]
[SourceVersionDate "2018.04.19"]
[SourceQuality "1"]

1. e4 e6 2. d4 d5 3. Nc3 dxe4 4. Nxe4 Nd7 5. Nf3 Ngf6 6. Nxf6+ Nxf6 7. c3 c5 8. Ne5 cxd4 9. Bb5+ Nd7 10. Qf3 Qe7 11. 0-0 a6 12. Ba4 Ra7 13. Qf4 Ra8 14. Qe4 f6 15. Nxd7 Bxd7 16. Qxb7 Rd8 17. Qxa6 dxc3 18. bxc3 Bxa4 19. Qxa4+ Kf7 20. Bf4 Qc5 21. Rab1 Be7 22. Rfe1 Ra8 23. Qb3 Qc6 24. a4 Rxa4 25. Rxe6 Qc4 26. Rxe7+ Kxe7 27. Qb7+ Ke6 28. Qxg7 Rc8 29. Re1+ Kf5 30. Qxh7+ Kxf4 31. Qh4+ Kf5 32. Qh5+ Kf4 33. g3# 1-0

[Event "Porto Mannu op 9th"]
[Site "Porto Mannu"]
[Date "2017.06.08"]
[Round "7"]
[White "Diotallevi, Maurizio"]
[Black "Maier, Christian"]
[Result "0-1"]
[WhiteElo "2005"]
[BlackElo "2388"]
[PlyCount "72"]
[EventDate "2017.06.03"]
[EventType "swiss"]
[EventRounds "9"]
[EventCountry "ITA"]
[SourceTitle "CBM 178 Extra"]
[Source "ChessBase"]
[SourceDate "2017.06.22"]
[SourceVersion "1"]
[SourceVersionDate "2017.06.22"]
[SourceQuality "1"]

1. d4 Nf6 2. Bg5 e6 3. Nd2 d5 4. e3 c5 5. c3 Nc6 6. f4 h6 7. Bxf6 Qxf6 8. Ngf3 cxd4 9. cxd4 a6 10. Bd3 Bd6 11. Ne5 Bxe5 12. dxe5 Qh4+ 13. g3 Qe7 14. Nf3 Qb4+ 15. Qd2 Qxd2+ 16. Kxd2 Bd7 17. Rac1 f6 18. exf6 gxf6 19. Nd4 Ke7 20. a3 Kd6 21. b4 h5 22. Nxc6 bxc6 23. Be2 a5 24. Ra1 h4 25. g4 Rhb8 26. Kc3 e5 27. Rhf1 Be6 28. h3 axb4+ 29. axb4 d4+ 30. exd4 exd4+ 31. Kxd4 Rxb4+ 32. Kc3 Rb3+ 33. Kd2 Rxa1 34. Rxa1 Rxh3 35. g5 fxg5 36. fxg5 Rg3 0-1

[Event "Lienz op 19th"]
[Site "Lienz"]
[Date "2017.02.11"]
[Round "1"]
[White "Diotallevi, Maurizio"]
[Black "Tratar, Marko"]
[Result "0-1"]
[WhiteElo "2066"]
[BlackElo "2458"]
[PlyCount "170"]
[EventDate "2017.02.11"]
[EventType "swiss"]
[EventRounds "9"]
[EventCountry "AUT"]
[SourceTitle "CBM 176 Extra"]
[Source "ChessBase"]
[SourceDate "2017.03.02"]
[SourceVersion "1"]
[SourceVersionDate "2017.03.02"]
[SourceQuality "1"]

1. d4 e6 2. Nf3 Nf6 3. c4 Bb4+ 4. Bd2 a5 5. e3 b6 6. a3 Bxd2+ 7. Nbxd2 Bb7 8. Bd3 d6 9. 0-0 Nbd7 10. Qc2 a4 11. Ne4 Ra5 12. Nc3 0-0 13. e4 Qa8 14. Rfe1 h6 15. Nb5 Ne8 16. Nd2 c6 17. Nc3 e5 18. d5 Nc5 19. f3 Nf6 20. Bf1 Rc8 21. Qd1 Qb8 22. Rc1 Ra8 23. Qe2 Rc7 24. Qe3 Qd8 25. Be2 Bc8 26. Na2 Bd7 27. Nb4 Ne8 28. Bd1 cxd5 29. Nxd5 Rb7 30. Nb1 b5 31. cxb5 Rxb5 32. Nb4 Rab8 33. Nc3 R5b7 34. Bc2 Qg5 35. Qxg5 hxg5 36. Red1 g4 37. Kf2 Ra8 38. Ncd5 gxf3 39. gxf3 Be6 40. Nc3 Kf8 41. Ke3 Rb6 42. Rd2 Nf6 43. Rg1 g6 44. Bd1 Ke7 45. Nd3 Nfd7 46. Nb4 Nf6 47. Rgg2 Kf8 48. Rg1 Ne8 49. Nd3 Nb3 50. Bxb3 Bxb3 51. Rgg2 Nc7 52. Nb4 Ne6 53. Nbd5 Rb7 54. Nb4 Nf4 55. Rgf2 Rb6 56. Ne2 Nxe2 57. Rfxe2 Rc8 58. Re1 Ke7 59. Rg1 Ke6 60. Rf1 Rb7 61. Rg1 Rbc7 62. Re1 Rc1 63. Rxc1 Rxc1 64. Nd3 Rc8 65. Nb4 f6 66. Kf2 f5 67. Ke3 Rh8 68. Rg2 Kf7 69. Kf2 Rc8 70. Ke3 Rc1 71. Rd2 Ke6 72. Nd3 Rh1 73. Rg2 Kf6 74. Kd2 d5 75. exd5 Bxd5 76. Rf2 Bxf3 77. Rxf3 e4 78. Rf2 exd3 79. Kxd3 g5 80. Ke3 f4+ 81. Kf3 Kf5 82. Rc2 g4+ 83. Kg2 Re1 84. Kf2 Rd1 85. Re2 Rh1 0-1

[Event "Bad Woerishofen op 31st"]
[Site "Bad Woerishofen"]
[Date "2015.03.06"]
[Round "8"]
[White "Jussupow, Nadejda"]
[Black "Diotallevi, Maurizio"]
[Result "1-0"]
[WhiteElo "2122"]
[BlackElo "2016"]
[PlyCount "51"]
[EventDate "2015.02.27"]
[EventType "swiss"]
[EventRounds "9"]
[EventCountry "GER"]
[SourceTitle "CBM 165 Extra"]
[Source "ChessBase"]
[SourceDate "2015.04.21"]
[SourceVersion "1"]
[SourceVersionDate "2015.04.21"]
[SourceQuality "1"]

1. d4 d5 2. c4 e6 3. Nc3 Nf6 4. cxd5 exd5 5. Bg5 Be7 6. e3 c6 7. Qc2 Nbd7 8. Nf3 Nf8 9. h3 Ne6 10. Bh4 g6 11. Bd3 Ng7 12. 0-0-0 Bf5 13. g4 Bxd3 14. Qxd3 Nd7 15. Bg3 b5 16. Kb1 b4 17. Ne2 Qb6 18. Rc1 0-0-0 19. e4 Kb7 20. exd5 cxd5 21. Bc7 Qa6 22. Qxa6+ Kxa6 23. Bxd8 Rxd8 24. Nf4 Kb7 25. Nxd5 Bd6 26. Ng5 1-0

[Event "Bad Woerishofen op 31st"]
[Site "Bad Woerishofen"]
[Date "2015.02.27"]
[Round "1"]
[White "Diotallevi, Maurizio"]
[Black "Lindstaedt, Jan"]
[Result "1-0"]
[WhiteElo "2016"]
[BlackElo "1446"]
[PlyCount "47"]
[EventDate "2015.02.27"]
[EventType "swiss"]
[EventRounds "9"]
[EventCountry "GER"]
[SourceTitle "CBM 165 Extra"]
[Source "ChessBase"]
[SourceDate "2015.04.21"]
[SourceVersion "1"]
[SourceVersionDate "2015.04.21"]
[SourceQuality "1"]

1. d4 f5 2. Bg5 g6 3. Nc3 Bg7 4. e4 d6 5. Nf3 Nf6 6. Bd3 e6 7. e5 dxe5 8. dxe5 0-0 9. exf6 Bxf6 10. Bxf6 Qxf6 11. Qe2 Nc6 12. 0-0-0 e5 13. Bc4+ Kg7 14. Nd5 Qd6 15. Nb6 Nd4 16. Qxe5+ Qxe5 17. Nxe5 axb6 18. Rxd4 Re8 19. f4 Be6 20. Bxe6 Rxe6 21. Rd7+ Kh6 22. a3 Ra5 23. Re1 Kh5 24. Rxh7# 1-0

[Event "Lienz op-A 18th"]
[Site "Lienz"]
[Date "2015.02.13"]
[Round "8"]
[White "Borsos, Bogdan"]
[Black "Diotallevi, Maurizio"]
[Result "1-0"]
[WhiteElo "2219"]
[BlackElo "2016"]
[PlyCount "55"]
[EventDate "2015.02.07"]
[EventType "swiss"]
[EventRounds "9"]
[EventCountry "AUT"]
[SourceTitle "CBM 164 Extra"]
[Source "ChessBase"]
[SourceDate "2015.03.02"]
[SourceVersion "1"]
[SourceVersionDate "2015.03.02"]
[SourceQuality "1"]

1. Nf3 Nf6 2. c4 e6 3. g3 b6 4. Bg2 Bb7 5. 0-0 Be7 6. d4 0-0 7. Nc3 d5 8. Ne5 Na6 9. Bf4 Nh5 10. Bd2 Nf6 11. Rc1 c5 12. e3 Nc7 13. cxd5 Ncxd5 14. dxc5 Nxc3 15. Bxc3 Bxg2 16. Kxg2 Qxd1 17. Rfxd1 Bxc5 18. b4 Be7 19. Nc6 Rfe8 20. Bxf6 Bxf6 21. e4 Kf8 22. e5 Be7 23. Rd7 a5 24. b5 Bc5 25. a4 Kg8 26. Rcd1 f6 27. Rb7 fxe5 28. Rdd7 1-0

[Event "Bad Woerishofen op 30th"]
[Site "Bad Woerishofen"]
[Date "2014.03.23"]
[Round "7"]
[White "Voss, Gunther"]
[Black "Diotallevi, Maurizio"]
[Result "1-0"]
[WhiteElo "2160"]
[BlackElo "2013"]
[PlyCount "71"]
[EventDate "2014.03.21"]
[EventType "swiss"]
[EventRounds "9"]
[EventCountry "GER"]
[SourceTitle "CBM 159 Extra"]
[Source "ChessBase"]
[SourceDate "2014.04.24"]
[SourceVersion "1"]
[SourceVersionDate "2014.04.24"]
[SourceQuality "1"]

1. e4 e6 2. d4 d5 3. Nc3 dxe4 4. Nxe4 Nd7 5. Nf3 Ngf6 6. Bd3 Nxe4 7. Bxe4 Nf6 8. Bg5 c5 9. 0-0 Be7 10. Bxf6 gxf6 11. c4 cxd4 12. Nxd4 f5 13. Bf3 Bf6 14. Nb5 Qxd1 15. Raxd1 Ke7 16. Rfe1 Bxb2 17. Rb1 Bg7 18. Nc7 Rb8 19. Na6 Ra8 20. Bxb7 Bxb7 21. Rxb7+ Kf6 22. c5 Rhc8 23. Nc7 Rab8 24. c6 Bf8 25. Na6 Ra8 26. c7 Bd6 27. Reb1 Ke7 28. Rb8 Raxb8 29. cxb8Q Bxb8 30. Nxb8 Rc2 31. a4 a5 32. g3 Rc4 33. Rb5 Rxa4 34. Rxa5 Rc4 35. Ra7+ Kf6 36. Nd7+ 1-0

[Event "Lienz op 17th"]
[Site "Lienz"]
[Date "2013.02.12"]
[Round "5"]
[White "Egartner, Wolfgang"]
[Black "Diotallevi, Maurizio"]
[Result "1-0"]
[WhiteElo "2112"]
[BlackElo "2027"]
[PlyCount "43"]
[EventDate "2013.02.09"]
[EventType "swiss"]
[EventRounds "9"]
[EventCountry "AUT"]
[SourceTitle "CBM 152 Extra"]
[Source "ChessBase"]
[SourceDate "2013.02.25"]
[SourceVersion "1"]
[SourceVersionDate "2013.02.25"]
[SourceQuality "1"]

1. d4 e6 2. Nf3 Nf6 3. Bg5 Be7 4. e3 b6 5. Nbd2 Bb7 6. Bd3 0-0 7. Qe2 c5 8. c3 d6 9. Bxf6 Bxf6 10. 0-0-0 cxd4 11. exd4 a6 12. h4 g6 13. h5 Qe7 14. hxg6 hxg6 15. Qe3 Bg7 16. Ng5 Rc8 17. f4 Nc6 18. Kb1 b5 19. Rh4 e5 20. Qh3 Qc7 21. Bxg6 fxg6 22. Qe6+ 1-0

[Event "Lienz op 17th"]
[Site "Lienz"]
[Date "2013.02.10"]
[Round "3"]
[White "Knollmueller, Peter"]
[Black "Diotallevi, Maurizio"]
[Result "0-1"]
[WhiteElo "1916"]
[BlackElo "2027"]
[PlyCount "77"]
[EventDate "2013.02.09"]
[EventType "swiss"]
[EventRounds "9"]
[EventCountry "AUT"]
[SourceTitle "CBM 152 Extra"]
[Source "ChessBase"]
[SourceDate "2013.02.25"]
[SourceVersion "1"]
[SourceVersionDate "2013.02.25"]
[SourceQuality "1"]

1. Nf3 d5 2. d4 e6 3. c4 Nf6 4. Bg5 Nbd7 5. e3 c6 6. Nc3 Qa5 7. Bxf6 Nxf6 8. Nd2 Be7 9. Bd3 0-0 10. 0-0 a6 11. c5 Qc7 12. f4 b6 13. b4 a5 14. Na4 Nd7 15. Rf3 axb4 16. Bxh7+ Kxh7 17. Rh3+ Kg8 18. Qh5 f6 19. Qh7+ Kf7 20. Qh5+ g6 21. Qh7+ Ke8 22. Qxg6+ Kd8 23. cxb6 Nxb6 24. Nc5 Na4 25. Rh7 Nxc5 26. dxc5 Qd7 27. Qc2 e5 28. e4 Qa7 29. exd5 Qxc5+ 30. Qxc5 Bxc5+ 31. Kh1 cxd5 32. Nb3 Be7 33. fxe5 fxe5 34. Rh5 Bd6 35. Kg1 Ba6 36. Rh6 Kd7 37. g4 Bc4 38. Nd2 Bc5+ 39. Kg2 0-1

[Event "Lienz op 17th"]
[Site "Lienz"]
[Date "2013.02.09"]
[Round "1"]
[White "Huber, Ruth"]
[Black "Diotallevi, Maurizio"]
[Result "0-1"]
[WhiteElo "1642"]
[BlackElo "2027"]
[PlyCount "74"]
[EventDate "2013.02.09"]
[EventType "swiss"]
[EventRounds "9"]
[EventCountry "AUT"]
[SourceTitle "CBM 152 Extra"]
[Source "ChessBase"]
[SourceDate "2013.02.25"]
[SourceVersion "1"]
[SourceVersionDate "2013.02.25"]
[SourceQuality "1"]

1. Nf3 Nf6 2. c4 b6 3. g3 Bb7 4. Bg2 e6 5. 0-0 Be7 6. d3 0-0 7. a3 c5 8. Nbd2 Qc7 9. b3 Nc6 10. Bb2 d6 11. e3 Rfd8 12. d4 Bf8 13. d5 Ne7 14. Bxf6 gxf6 15. dxe6 fxe6 16. Qc2 Bg7 17. Rad1 Ng6 18. Ne1 d5 19. cxd5 exd5 20. Nef3 Rac8 21. Qb1 a5 22. Rc1 Ne5 23. Nxe5 fxe5 24. Rfd1 e4 25. Nf1 Qe5 26. Qa2 Ba6 27. Nd2 Bd3 28. Bf1 Qb2 29. Qxb2 Bxb2 30. Bxd3 Bxc1 31. Rxc1 exd3 32. Kf1 b5 33. Ke1 c4 34. bxc4 dxc4 35. Ne4 b4 36. axb4 axb4 37. Rb1 c3 0-1

[Event "Bad Woerishofen op 28th"]
[Site "Bad Woerishofen"]
[Date "2012.03.08"]
[Round "7"]
[White "Diotallevi, Maurizio"]
[Black "Roth, Martin2222"]
[Result "1/2-1/2"]
[WhiteElo "2030"]
[BlackElo "2184"]
[PlyCount "22"]
[EventDate "2012.03.02"]
[EventType "swiss"]
[EventRounds "9"]
[EventCountry "GER"]
[SourceTitle "EXT 2019"]
[Source "ChessBase"]
[SourceDate "2018.10.10"]
[SourceVersion "1"]
[SourceVersionDate "2018.10.10"]
[SourceQuality "1"]

1. d4 Nf6 2. Nf3 e6 3. Bf4 c5 4. e3 b6 5. Bd3 Be7 6. h3 Ba6 7. 0-0 Bxd3 8. Qxd3 Nc6 9. c3 d5 10. Nbd2 0-0 11. Ne5 Qc8 1/2-1/2

[Event "Bad Woerishofen op 28th"]
[Site "Bad Woerishofen"]
[Date "2012.03.06"]
[Round "5"]
[White "Diotallevi, Maurizio"]
[Black "Koelbl, Jonathan"]
[Result "1/2-1/2"]
[WhiteElo "2030"]
[BlackElo "1846"]
[PlyCount "30"]
[EventDate "2012.03.02"]
[EventType "swiss"]
[EventRounds "9"]
[EventCountry "GER"]
[SourceTitle "EXT 2019"]
[Source "ChessBase"]
[SourceDate "2018.10.10"]
[SourceVersion "1"]
[SourceVersionDate "2018.10.10"]
[SourceQuality "1"]

1. d4 d6 2. c4 c6 3. Nc3 Nf6 4. e4 e5 5. Nf3 Bg4 6. Be2 Nbd7 7. Be3 Be7 8. 0-0 0-0 9. Rb1 Bxf3 10. Bxf3 exd4 11. Bxd4 Ne8 12. Be2 Nc7 13. b4 Re8 14. f4 Nf8 15. Bf3 Bf6 1/2-1/2

[Event "Bad Woerishofen op 28th"]
[Site "Bad Woerishofen"]
[Date "2012.03.05"]
[Round "4"]
[White "Kluegel, Jan"]
[Black "Diotallevi, Maurizio"]
[Result "1/2-1/2"]
[WhiteElo "1925"]
[BlackElo "2030"]
[PlyCount "88"]
[EventDate "2012.03.02"]
[EventType "swiss"]
[EventRounds "9"]
[EventCountry "GER"]
[SourceTitle "EXT 2019"]
[Source "ChessBase"]
[SourceDate "2018.10.10"]
[SourceVersion "1"]
[SourceVersionDate "2018.10.10"]
[SourceQuality "1"]

1. d4 d6 2. Nf3 g6 3. b3 Bg7 4. Bb2 c5 5. e3 Nc6 6. Be2 b6 7. c4 cxd4 8. exd4 Nh6 9. Nbd2 Nf5 10. Ne4 0-0 11. Rc1 Bb7 12. Ng3 Qd7 13. Bc3 Rac8 14. 0-0 Nxg3 15. hxg3 Bh6 16. d5 Nb8 17. Qd4 f6 18. Rce1 Qd8 19. Nh2 Rc7 20. Bg4 Bc8 21. Be6+ Bxe6 22. Rxe6 Nd7 23. Rfe1 Nc5 24. R6e2 Bg7 25. Qe3 Qe8 26. Ng4 h5 27. Nh2 Qf7 28. g4 g5 29. gxh5 Qxh5 30. Qf3 Qxf3 31. Nxf3 Rf7 32. Nd4 f5 33. Nb5 Rb7 34. Bxg7 Kxg7 35. Nd4 Kf6 36. Ne6 Nxe6 37. Rxe6+ Kg7 38. a4 Kg8 39. f3 Rg7 40. Kf2 Kf7 41. Rh1 Rb8 42. Rhe1 Rb7 43. Rh1 a6 44. Rh8 a5 1/2-1/2

[Event "Bad Woerishofen op 28th"]
[Site "Bad Woerishofen"]
[Date "2012.03.04"]
[Round "3"]
[White "Diotallevi, Maurizio"]
[Black "Guttenthaler, Franz"]
[Result "0-1"]
[WhiteElo "2030"]
[BlackElo "2204"]
[PlyCount "74"]
[EventDate "2012.03.02"]
[EventType "swiss"]
[EventRounds "9"]
[EventCountry "GER"]
[SourceTitle "EXT 2019"]
[Source "ChessBase"]
[SourceDate "2018.10.10"]
[SourceVersion "1"]
[SourceVersionDate "2018.10.10"]
[SourceQuality "1"]

1. d4 Nf6 2. Nf3 e6 3. Bf4 c5 4. e3 Qb6 5. Qc1 Nc6 6. c3 d5 7. Nbd2 Nh5 8. Bg3 Bd7 9. Qc2 Rc8 10. Qb3 Nxg3 11. hxg3 Qc7 12. Qd1 g6 13. Bd3 e5 14. Nxe5 Nxe5 15. dxe5 Qxe5 16. Nf3 Qe7 17. Kf1 Bg7 18. Qd2 0-0 19. Rd1 Bc6 20. Kg1 b5 21. a3 Qd6 22. Rh4 Rfe8 23. Rf4 Qe7 24. Rh4 Bf6 25. Rh1 Rcd8 26. Kh2 Bg7 27. Kg1 a5 28. Rh4 Rd6 29. Rh1 Qb7 30. Nh2 b4 31. axb4 axb4 32. cxb4 c4 33. Be2 Rb8 34. Nf3 Qxb4 35. Nd4 Bxd4 36. Qxd4 Qxb2 37. Qxb2 Rxb2 0-1